|
|
|
|
| LEADER |
00000cam a2200000 a 4500 |
| 001 |
UCL2590 |
| 003 |
CL-VaPUC |
| 008 |
031031e19770000SP |||||||||||||||||spa|d |
| 020 |
|
|
|a 8425410142o.c
|
| 020 |
|
|
|a 8425406935v.7
|
| 082 |
0 |
4 |
|a 230
|b AUE
|2 21
|
| 100 |
0 |
|
|a Auer, Johann
|e author
|9 479704
|
| 700 |
0 |
|
|a Ratzinger, Joseph
|e author
|9 479705
|
| 245 |
1 |
0 |
|a Curso de teología dogmática
|
| 250 |
|
|
|a 1a. ed
|
| 300 |
|
|
|a v
|
| 942 |
|
|
|c BK
|
| 945 |
|
|
|d 20031031 00:00:00
|a rbrito
|
| 260 |
|
|
|a Barcelona
|b Herder
|c 1977
|
| 500 |
|
|
|a v.7: Los sacramentos de la iglesia
|
| 650 |
|
0 |
|a Teología dogmática
|9 313198
|
| 650 |
|
0 |
|a Sacramentos
|9 257270
|
| 650 |
|
0 |
|a Bautismo
|9 314393
|
| 650 |
|
0 |
|a Confirmación
|9 255060
|
| 650 |
|
0 |
|a Penitencia
|9 366153
|
| 650 |
|
7 |
|a MATRIMONIO
|2 CL-VaPUC
|9 479706
|
| 583 |
|
|
|a last modification
|c 20170905 11:19:04
|k Rodrigo Vera
|
| 999 |
|
|
|c 305867
|d 305865
|
| 952 |
|
|
|0 0
|1 0
|4 0
|6 230_000000000000000_AUE_1977
|7 0
|8 A
|9 370349
|a BIBTEO
|b BIBTEO
|d 2019-11-21
|h v.7
|i 2085003
|o 230 AUE 1977
|p 2085003
|r 2025-01-17
|w 2019-11-21
|y BK
|k ICR
|
| 952 |
|
|
|0 0
|1 0
|4 0
|6 230_000000000000000_AUE_1977
|7 0
|8 A
|9 370350
|a BIBTEO
|b BIBTEO
|d 2019-11-21
|h v.7
|i 2085259
|o 230 AUE 1977
|p 2085259
|r 2025-01-17
|w 2019-11-21
|y BK
|k ICR
|
| 952 |
|
|
|0 0
|1 0
|4 0
|6 230_000000000000000_AUE_1977
|7 0
|8 A
|9 370351
|a BIBTEO
|b BIBTEO
|d 2019-11-21
|h v.7
|i 2085267
|o 230 AUE 1977
|p 2085267
|r 2025-01-17
|w 2019-11-21
|y BK
|k ICR
|
| 952 |
|
|
|0 0
|1 0
|4 0
|6 230_000000000000000_AUE_1977
|7 0
|8 A
|9 370352
|a BIBTEO
|b BIBTEO
|d 2019-11-21
|h v.7
|i 4061667
|o 230 AUE 1977
|p 4061667
|r 2025-01-17
|w 2019-11-21
|y BK
|k ICR
|
| 952 |
|
|
|0 0
|1 0
|3 erb
|4 0
|6 230_000000000000000_AUE_1977
|7 0
|8 A
|9 370353
|a BIBTEO
|b BIBTEO
|i 542268K
|o 230 AUE 1977
|p 542268K
|r 2025-01-17
|w 2019-11-21
|y BK
|z Catalogado en:20170908
|k ICR
|